[Event "V Festival A"]
[Site "Nereto ITA"]
[Date "2000.08.17"]
[Round "7"]
[White "Ferri, Stefano"]
[Black "Buchicchio, Giampaolo"]
[Result "0-1"]
[WhiteElo "2089"]
[BlackElo "1918"]
[PlyCount "138"]
[EventDate "2000.08.11"]

1. d4 d5 2. c4 c6 3. Nf3 Nf6 4. Nc3 a6 5. cxd5 cxd5 6. Bf4 Nc6 7. e3 e6 8. Bd3
Be7 9. h3 O-O 10. O-O b5 11. Rc1 Bb7 12. Ne5 Rc8 13. Bb1 Nxe5 14. Bxe5 Nd7 15.
Bh2 Nb6 16. Qd3 f5 17. b3 Qd7 18. Rcd1 b4 19. Ne2 Bc6 20. Qd2 a5 21. Rfe1 a4
22. f3 axb3 23. axb3 Qb7 24. Bg3 g5 25. Nc1 Nc4 26. bxc4 dxc4 27. e4 f4 28. Bf2
Ba4 29. d5 Bxd1 30. Rxd1 Rfd8 31. Qd4 Qc7 32. Qb2 b3 33. Qc3 e5 34. Ne2 Rb8 35.
Rc1 Rdc8 36. Qd2 Ba3 37. Rc3 Bb4 38. Kh2 Qa5 39. Be1 Bxc3 40. Nxc3 Rd8 41. Qb2
Ra8 42. Ne2 Qa1 43. Qc1 Qa6 44. Bc3 Qd6 45. Bb2 Ra4 46. Nc3 Raa8 47. Nb5 Qc5
48. Nc3 Kf7 49. Nd1 Kf6 50. Qc3 Re8 51. Qd2 h5 52. Nc3 g4 53. d6 g3+ 54. Kh1
Ke6 55. Nd5 Qxd6 56. Qc3 Rac8 57. Kg1 Qc5+ 58. Kh1 Qd6 59. Kg1 Rc6 60. Kh1 Rb8
61. Kg1 Rb5 62. Qd2 Rc8 63. Kf1 Rd8 64. Qc3 Rc8 65. Ke2 Rxd5 66. exd5+ Qxd5 67.
Be4 Qb5 68. Bg6 Rd8 69. Kf1 Qc5 0-1

[Event "V Festival A"]
[Site "Nereto ITA"]
[Date "2000.08.17"]
[Round "7"]
[White "Foisor, Cristina-Adela"]
[Black "Badea, Bela"]
[Result "1/2-1/2"]
[WhiteElo "2386"]
[BlackElo "2480"]
[PlyCount "22"]
[EventDate "2000.08.11"]

1. Nf3 g6 2. g3 Bg7 3. Bg2 e5 4. O-O d5 5. d3 Nc6 6. c3 Nge7 7. e4 O-O 8. Nbd2
h6 9. Qc2 a5 10. b3 Be6 11. Bb2 g5 1/2-1/2

[Event "V Festival A"]
[Site "Nereto ITA"]
[Date "2000.08.17"]
[Round "7"]
[White "Ortega, Lexy"]
[Black "Farago, Ivan"]
[Result "1/2-1/2"]
[WhiteElo "2491"]
[BlackElo "2486"]
[PlyCount "40"]
[EventDate "2000.08.11"]

1. d4 Nf6 2. Nf3 e6 3. e3 d5 4. c4 b6 5. Bd3 Bd6 6. Nc3 Bb7 7. O-O O-O 8. b3
Nbd7 9. Bb2 a6 10. Rc1 Ne4 11. Na4 f5 12. b4 Bxb4 13. c5 bxc5 14. a3 c4 15.
axb4 cxd3 16. Nc5 Ndxc5 17. dxc5 Bc6 18. Nd4 Qe8 19. f3 Nf6 20. Qxd3 Bb5
1/2-1/2

[Event "V Festival A"]
[Site "Nereto ITA"]
[Date "2000.08.17"]
[Round "7"]
[White "Radice, Luca"]
[Black "Sbraccia, Giovanni"]
[Result "0-1"]
[WhiteElo "2012"]
[BlackElo "2131"]
[PlyCount "66"]
[EventDate "2000.08.11"]

1. d4 Nf6 2. Nf3 c5 3. d5 d6 4. Nc3 g6 5. e4 Bg7 6. Bd3 O-O 7. O-O Nbd7 8. Qe2
Ng4 9. h3 Nge5 10. Nxe5 Nxe5 11. f4 Nxd3 12. cxd3 Bd7 13. Be3 b5 14. Qf2 b4 15.
Ne2 Bxb2 16. Rab1 Bg7 17. d4 cxd4 18. Nxd4 a5 19. f5 Rc8 20. Rbe1 Rc4 21. Kh1
e5 22. f6 Bxf6 23. Bh6 Bg7 24. Bxg7 Kxg7 25. Nf3 Qe7 26. h4 h6 27. Re3 Rfc8 28.
h5 Rc2 29. Qg3 Qf6 30. hxg6 fxg6 31. Ree1 R8c3 32. Qh2 Bb5 33. Nd4 Bxf1 0-1

[Event "V Festival A"]
[Site "Nereto ITA"]
[Date "2000.08.17"]
[Round "7"]
[White "Sax, Gyula"]
[Black "Foisor, Ovidiu-Doru"]
[Result "1-0"]
[WhiteElo "2563"]
[BlackElo "2404"]
[PlyCount "51"]
[EventDate "2000.08.11"]

1. e4 c5 2. Nf3 Nc6 3. d4 cxd4 4. Nxd4 e5 5. Nb5 a6 6. Nd6+ Bxd6 7. Qxd6 Qf6 8.
Qd2 Nge7 9. f3 O-O 10. Nc3 d6 11. Bd3 Qh4+ 12. g3 Qh3 13. Bf1 Qh5 14. Qf2 Nd4
15. Bg2 f5 16. O-O fxe4 17. Nxe4 Bh3 18. Bxh3 Rxf3 19. Qg2 Rxf1+ 20. Qxf1 Rf8
21. Nf2 Ne2+ 22. Kh1 Qf3+ 23. Bg2 Qh5 24. g4 Qh4 25. Qxe2 Rxf2 26. Qe1 1-0

[Event "V Festival A"]
[Site "Nereto ITA"]
[Date "2000.08.17"]
[Round "7"]
[White "Suppa, Ercole"]
[Black "Scalcione, Michelangelo"]
[Result "1/2-1/2"]
[WhiteElo "2123"]
[BlackElo "2239"]
[PlyCount "35"]
[EventDate "2000.08.11"]

1. d4 Nf6 2. Nf3 g6 3. Nc3 Bg7 4. e4 d6 5. Be2 O-O 6. O-O Nc6 7. d5 Ne5 8. Re1
Nxf3+ 9. Bxf3 Bd7 10. Bf4 e5 11. dxe6 Bxe6 12. e5 dxe5 13. Bxe5 c6 14. Qd4 Qxd4
15. Bxd4 Rfd8 16. Ne2 Bd5 17. Bxd5 Nxd5 18. c3 1/2-1/2

[Event "V Festival A"]
[Site "Nereto ITA"]
[Date "2000.08.17"]
[Round "7"]
[White "Tribuiani, Renato"]
[Black "Artizzu, Giulio"]
[Result "1-0"]
[WhiteElo "2146"]
[BlackElo "2095"]
[PlyCount "44"]
[EventDate "2000.08.11"]

1. f4 g6 2. Nf3 Bg7 3. e3 c5 4. Nc3 Nc6 5. b3 d5 6. Bb2 e6 7. Bb5 Nge7 8. O-O
O-O 9. Na4 Bxb2 10. Nxb2 Nf5 11. Bxc6 bxc6 12. Ne5 f6 13. Ned3 Ba6 14. Rf3 Bxd3
15. cxd3 Rb8 16. Qc2 g5 17. fxg5 fxg5 18. Qxc5 g4 19. Rf4 Qf6 20. d4 Kh8 21.
Nd3 Rg8 22. Ne5 Qh6 1-0

[Event "V Festival A"]
[Site "Nereto ITA"]
[Date "2000.08.17"]
[Round "7"]
[White "Vezzosi, Paolo"]
[Black "Sibilio, Mario"]
[Result "1/2-1/2"]
[WhiteElo "2421"]
[BlackElo "2381"]
[PlyCount "54"]
[EventDate "2000.08.11"]

1. d4 d6 2. e4 Nf6 3. Nc3 g6 4. Nf3 Bg7 5. h3 a6 6. a4 O-O 7. Be3 Nc6 8. d5 Nb4
9. a5 e6 10. Bc4 exd5 11. exd5 b5 12. axb6 cxb6 13. O-O Bb7 14. Qd2 Rc8 15. Bb3
a5 16. Bg5 Ba6 17. Rfd1 Bc4 18. Nd4 Bxb3 19. cxb3 Re8 20. Ndb5 Rc5 21. Qf4 Re5
22. Bxf6 Bxf6 23. Nxd6 Nxd5 24. Rxd5 Rcxd5 25. Nxd5 Rxd5 26. Nc4 Bd4 27. Qe4
Rf5 1/2-1/2

[Event "V Festival A"]
[Site "Nereto ITA"]
[Date "2000.08.18"]
[Round "8"]
[White "Badea, Bela"]
[Black "Farago, Ivan"]
[Result "1/2-1/2"]
[WhiteElo "2480"]
[BlackElo "2486"]
[PlyCount "29"]
[EventDate "2000.08.11"]

1. Nf3 Nf6 2. g3 d5 3. Bg2 c6 4. d3 Nbd7 5. O-O e5 6. e4 dxe4 7. dxe4 Bc5 8.
Nbd2 O-O 9. b3 Qc7 10. Bb2 a5 11. a3 Re8 12. Ne1 b6 13. Nd3 Bf8 14. f4 Ba6 15.
c4 1/2-1/2

[Event "V Festival A"]
[Site "Nereto ITA"]
[Date "2000.08.18"]
[Round "8"]
[White "Barlocco, Carlo"]
[Black "Ortega, Lexy"]
[Result "1-0"]
[WhiteElo "2179"]
[BlackElo "2491"]
[PlyCount "139"]
[EventDate "2000.08.11"]

1. d4 Nf6 2. Bf4 g6 3. e3 Bg7 4. Nf3 d6 5. h3 O-O 6. Bd3 Nc6 7. Nbd2 Nb4 8. Bc4
Bf5 9. Bb3 a5 10. a3 Nc6 11. O-O a4 12. Ba2 Qe8 13. d5 Nb8 14. Nd4 Bc8 15. Qc1
Nxd5 16. Bxd5 e5 17. Ne2 exf4 18. Nxf4 Nd7 19. Nf3 Ne5 20. Nd3 Nxd3 21. cxd3
Qb5 22. Bc4 Qxb2 23. d4 Qxc1 24. Rfxc1 Bd7 25. Rab1 Rab8 26. Bb5 c6 27. Bxa4 b5
28. Bd1 Ra8 29. Rb3 Ra4 30. Nd2 Rfa8 31. Ne4 Be6 32. Rb2 Rxa3 33. Nxd6 b4 34.
Bf3 Rc3 35. Rxc3 bxc3 36. Rc2 Ra1+ 37. Kh2 c5 38. Nb5 cxd4 39. Nxd4 Bxd4 40.
exd4 Ra3 41. Be4 Bc4 42. g4 Kf8 43. g5 Ke7 44. Kg3 f6 45. gxf6+ Kxf6 46. h4 Ke6
47. Kf4 Kd6 48. f3 Bb5 49. Rc1 Ba4 50. Kg5 Ke6 51. h5 gxh5 52. Kxh5 Be8+ 53.
Kg5 h5 54. f4 Bf7 55. f5+ Kd6 56. Bf3 h4 57. Kxh4 c2 58. Bh5 Bxh5 59. Kxh5 Rc3
60. Kg6 Ke7 61. f6+ Kf8 62. d5 Rg3+ 63. Kf5 Rg2 64. Ke6 Rd2 65. d6 Re2+ 66. Kd7
Kf7 67. Kc7 Re4 68. Rxc2 Ra4 69. Kd8 Kxf6 70. d7 1-0

[Event "V Festival A"]
[Site "Nereto ITA"]
[Date "2000.08.18"]
[Round "8"]
[White "Foisor, Ovidiu-Doru"]
[Black "Farina, Saverio"]
[Result "1-0"]
[WhiteElo "2404"]
[BlackElo "2153"]
[PlyCount "85"]
[EventDate "2000.08.11"]

1. c4 e6 2. Nf3 d5 3. g3 c5 4. Bg2 Nc6 5. cxd5 exd5 6. d4 Nf6 7. O-O Be7 8. Nc3
O-O 9. dxc5 Bxc5 10. Na4 Be7 11. Be3 Re8 12. Rc1 Bg4 13. Nc5 Bxc5 14. Bxc5 Qd7
15. Re1 Rad8 16. Nd4 h5 17. Nxc6 bxc6 18. Bd4 Re6 19. f3 Bf5 20. Qd2 Nh7 21.
Rc3 a6 22. Ra3 Qb7 23. Bf1 Rde8 24. Rc1 f6 25. Qf4 g6 26. h4 Qb4 27. Rb3 Qe7
28. Rb6 Rxe2 29. Bxe2 Qxe2 30. Rbxc6 Bh3 31. R6c2 Qd3 32. Rd2 Qb5 33. Qd6 Qa5
34. Bc3 Qa4 35. Qxd5+ Be6 36. Qd3 Bf5 37. Qd4 Qc6 38. Qd5+ Qxd5 39. Rxd5 Be6
40. Re1 Kf7 41. Rc5 g5 42. Rc7+ Kg6 43. Rc6 1-0

[Event "V Festival A"]
[Site "Nereto ITA"]
[Date "2000.08.18"]
[Round "8"]
[White "Vezzosi, Paolo"]
[Black "Sax, Gyula"]
[Result "1/2-1/2"]
[WhiteElo "2421"]
[BlackElo "2563"]
[PlyCount "54"]
[EventDate "2000.08.11"]

1. d4 Nf6 2. c4 e6 3. Nf3 b6 4. a3 c5 5. Nc3 cxd4 6. Nxd4 Bb7 7. f3 Nc6 8. Nxc6
Bxc6 9. e4 Qb8 10. Be3 Bd6 11. g3 Be5 12. Qc2 O-O 13. Bd3 Rc8 14. O-O d5 15.
exd5 exd5 16. cxd5 Bxd5 17. Ba6 Rc6 18. Bb5 Rc8 19. Ba6 Bb7 20. Bxb7 Qxb7 21.
Rad1 Qe7 22. Bd4 h6 23. Qf2 Bxd4 24. Rxd4 Rd8 25. Rfd1 Rxd4 26. Qxd4 Rc8 27.
Kf2 Qe6 1/2-1/2

[Event "V Festival A"]
[Site "Nereto ITA"]
[Date "2000.08.19"]
[Round "9"]
[White "Sax, Gyula"]
[Black "Barlocco, Carlo"]
[Result "1-0"]
[WhiteElo "2563"]
[BlackElo "2179"]
[PlyCount "83"]
[EventDate "2000.08.11"]

1. e4 c5 2. Nf3 Nc6 3. d4 cxd4 4. Nxd4 Nf6 5. Nc3 d6 6. Bc4 Bd7 7. Bb3 g6 8. f3
Bg7 9. Be3 O-O 10. Qe2 Na5 11. Qd2 Nxb3 12. axb3 a6 13. Bh6 Bxh6 14. Qxh6 e5
15. Nde2 Be6 16. O-O-O Qe7 17. h4 Rfd8 18. Qg5 Kg7 19. Ng3 Ng8 20. Qe3 f5 21.
exf5 gxf5 22. f4 e4 23. Nh5+ Kf8 24. g4 d5 25. Qd4 Qf7 26. gxf5 Bxf5 27. Rhg1
Bg6 28. Ng3 Qxf4+ 29. Kb1 Qxh4 30. Nxd5 Rd7 31. Qc5+ Ne7 32. Rdf1+ Bf7 33. Nb6
Rad8 34. Nxd7+ Rxd7 35. Qe5 Ng6 36. Qf5 Re7 37. Qc8+ Re8 38. Rxf7+ Kxf7 39.
Rf1+ Nf4 40. Qf5+ Qf6 41. Qxh7+ Kf8 42. Nxe4 1-0